000 01795cam a22004577i 4500
001 19866659
003 NUST
005 20211119112447.0
008 170807s2017 enka b 001 0 eng d
010 _a 2017302004
020 _a9781107156302
035 _a(OCoLC)ocn983881868
038 _akhadija
040 _aYDX
_beng
_cYDX
_dNKM
_dOCLCF
_dYDX
_dLTSCA
_dDLC
042 _alccopycat
050 0 0 _aTJ211
_b.L96 2017
082 0 4 _a629.8
_223
_bKYN
100 1 _aLynch, Kevin M.
_984566
245 1 0 _aModern Robotics
_bmechanics, planning, and control /
_cKevin M. Lynch, Northwestern University, Illinois ; Frank C. Park, Seoul National University.
264 1 _aCambridge, UK :
_bCambridge University Press,
_c2017.
300 _axvi, 528 pages :
_billustrations ;
_c26 cm
336 _atext
_btxt
_2rdacontent
337 _aunmediated
_bn
_2rdamedia
338 _avolume
_bnc
_2rdacarrier
504 _aIncludes bibliographical references (pages 515-523) and index.
563 _aHB
650 0 _aRobotics.
_92585
650 0 _aRobots
_xControl systems.
_93139
650 0 _aManipulators (Mechanism)
_93141
650 0 _aRobots
_xDynamics.
_984567
650 0 _aRobots
_xDesign and construction.
_984568
650 7 _aManipulators (Mechanism)
_2fast
_0(OCoLC)fst01007742
_93141
650 7 _aRobotics.
_2fast
_0(OCoLC)fst01098997
_92585
650 7 _aRobots
_xControl systems.
_2fast
_0(OCoLC)fst01099044
_93139
650 7 _aRobots
_xDesign and construction.
_2fast
_0(OCoLC)fst01099054
_984568
650 7 _aRobots
_xDynamics.
_2fast
_0(OCoLC)fst01099055
_984567
700 1 _aPark, Frank C.
_984569
906 _a7
_bcbc
_ccopycat
_d2
_encip
_f20
_gy-gencatlg
942 _2ddc
_cBK
999 _c540558
_d540558